R v Parliamentary Commissioner for Administration ex p Balchin (Record no. 63039)
[ view plain ]
| 000 -LEADER | |
|---|---|
| fixed length control field | 01359cam a2200229 4500 |
| 001 - CONTROL NUMBER | |
| control field | X105114 |
| 008 - FIXED-LENGTH DATA ELEMENTS--GENERAL INFORMATION | |
| fixed length control field | 000000n2000 000 0 eng u |
| 035 ## - SYSTEM CONTROL NUMBER | |
| System control number | (Sirsi) u105114 |
| 245 ## - TITLE STATEMENT | |
| Title | R v Parliamentary Commissioner for Administration ex p Balchin |
| 260 ## - PUBLICATION, DISTRIBUTION, ETC. | |
| Date of publication, distribution, etc. | 2000 |
| 490 ## - SERIES STATEMENT | |
| Series statement | Journal of Planning and Environment Law |
| Volume/sequential designation | [2000] JPL March 2000, 267-281(15) |
| 520 ## - SUMMARY, ETC. | |
| Summary, etc. | QBD 24 May 2000. Proposed County Council highway scheme - side roads and associated orders - public inquiry into orders - orders approved by Secretary of State - complaint by adjoining landowners to the Parliamentary Commisssioner for Administration alleging maladministration - powers under s246(2A) Highway Act - Commissioner's report finding no maladministration - application for judicial review of Commissioner's report upheld - second Commissioner's report finding no maladministration - application for judicial review of Commissioner's second report - application allowed. |
| 650 ## - SUBJECT ADDED ENTRY--TOPICAL TERM | |
| Topical term or geographic name entry element | R V PARLIAMENTARY ADMINISTRATION COMMISSIONER EX P BALCHIN |
| 650 ## - SUBJECT ADDED ENTRY--TOPICAL TERM | |
| Topical term or geographic name entry element | HIGHWAY ACT |
| 650 ## - SUBJECT ADDED ENTRY--TOPICAL TERM | |
| Topical term or geographic name entry element | MALADMINISTRATION |
| 650 ## - SUBJECT ADDED ENTRY--TOPICAL TERM | |
| Topical term or geographic name entry element | Compulsory purchase |
| 9 (RLIN) | 6228 |
| 650 ## - SUBJECT ADDED ENTRY--TOPICAL TERM | |
| Topical term or geographic name entry element | LOCAL AUTHORITIES |
| 650 ## - SUBJECT ADDED ENTRY--TOPICAL TERM | |
| Topical term or geographic name entry element | DEPARTMENT OF TRANSPORT |
| 650 ## - SUBJECT ADDED ENTRY--TOPICAL TERM | |
| Topical term or geographic name entry element | PARLIAMENTARY COMMISSIONER FOR ADMINISTRATION |
| 690 ## - LOCAL SUBJECT ADDED ENTRY--TOPICAL TERM (OCLC, RLIN) | |
| Topical term or geographic name as entry element | ENVIRONMENTAL AND LAND CONSULTANCY-PLANNING AND DEVELOPMENT |
| 942 ## - ADDED ENTRY ELEMENTS (KOHA) | |
| Suppress in OPAC | 0 |
| Withdrawn status | Lost status | Source of classification or shelving scheme | Damaged status | Not for loan | Home library | Current library | Shelving location | Date acquired | Total Checkouts | Full call number | Barcode | Date last seen | Copy number | Price effective from | Koha item type |
|---|---|---|---|---|---|---|---|---|---|---|---|---|---|---|---|
| Dewey Decimal Classification | London | London | Journal article | 30/03/2000 | X105114 | 105114-1001 | 06/08/2019 | 1 | 06/08/2019 | Journal article |